|
|
|
|
| LEADER |
00000naa a2200000uu 4500 |
| 001 |
vtls010917325 |
| 003 |
SK-MaSNL |
| 005 |
20260302141247.0 |
| 008 |
220808|1987 xo |||||||||||||||||slo| |
| 015 |
|
|
|a SNBRA
|
| 035 |
|
|
|a (urnnbn)urn:nbn:sk:snk:ar-a0cx16
|
| 035 |
|
|
|a (uuid)7fe61602-bc45-41e1-b6f2-62695f5c4bde
|
| 035 |
|
|
|a urn:nbn:sk:snk-aatlqp
|
| 040 |
|
|
|a SNKBUCL
|b slo
|c SNKBUCL
|e AACR2
|
| 041 |
0 |
|
|a slo
|
| 044 |
|
|
|a xo
|c SK
|
| 245 |
0 |
0 |
|a GAJDOŠ, Jozef
|b funkcionár KSČ, robotník, nositeľ Radu práce (18. 4. 1885 Nitrianska Streda, okr. Topoľčany - 11. 3. 1967 tamže)
|
| 600 |
1 |
7 |
|a Gajdoš, Jozef,
|d 1885-1967
|2 SNKMA
|9 242624
|
| 655 |
|
7 |
|a biografické heslá
|2 SNKPH
|9 368942
|
| 773 |
0 |
|
|t Slovenský biografický slovník : (od roku 833 do roku 1990). II. zväzok, E-J
|d Martin : Matica slovenská, 1987
|g S. 151
|
| 954 |
|
|
|a odborná, vedecká literatúra pôvodná (slovenská)
|2 lita
|
| 958 |
|
|
|a BX
|
| 958 |
|
|
|a OND
|
| 958 |
|
|
|a chapter
|
| 958 |
|
|
|a article25
|
| 999 |
|
|
|c 1334981
|d 1336911
|